Mostri - My Singing Monsters (31-3-2026) - Statistics

Statistiche generali
  • Questo quiz è stato fatto 7 volte
  • Il punteggio medio è 23 su 237
Statistiche sulle risposte
Hint Risposta % Corretto
2 Elementi Batterista
86%
Talphipster Do
86%
Talphipster Fa
86%
1 Elemento Fiocco
86%
Talphipster La
86%
1 Elemento Mammut
86%
Talphipster Mi
86%
1 Elemento Panciuto
86%
Talphipster Re
86%
1 Elemento Schiacciadita
86%
Talphipster Si
86%
Talphipster Sol
86%
1 Elemento Tiptap
86%
2 Elementi Wana
86%
2 Elementi Fauci
71%
3 Elementi T-Rox
71%
1 Elemento Fantasssma
57%
2 Elementi Furcorn
57%
Straparlotta Parlsona
57%
3 Elementi Bowgart
43%
4 Elementi Entbrat
43%
2 Elementi Fighetto Soffione
43%
3 Elementi G'day
43%
2 Elementi Obiezione
43%
2 Elementi Spino
43%
Straparlotto Tawkerr
43%
3 Elementi Bwiciolino
29%
3 Elementi Colpo di Pugno
29%
2 Elementi Cybop
29%
Dolcefamiglia Dolcebush
29%
2 Elementi Panghi
29%
2 Elementi Piovralbero
29%
3 Elementi Spugna
29%
2 Elementi Boskus
14%
1 Elemento Brompiro
14%
1 Elemento Caliente
14%
Dicembre Chitaria
14%
3 Elementi Congle
14%
4 Elementi Digio
14%
Dolcefamiglia Dolcebanjo
14%
2 Elementi Falenta
14%
5 Elementi Mimico
14%
3 Elementi Pagro
14%
3 Elementi PomPon
14%
3 Elementi Reedling
14%
4 Elementi Riff
14%
4 Elementi Rocciofonia
14%
Soprannaturale Scatola delle Sorprese
14%
4 Elementi Shellbeat
14%
3 Elementi Thumpies
14%
Auxiliary Vivena
14%
2 Elementi Araculele
0%
1 Elemento Arcorina
0%
3 Elementi Armatille
0%
Scatola Goblinese Asteropode
0%
Cantante ospite Autotonno
0%
5 Elementi Balenarco
0%
3 Elementi Banjascella
0%
Cantante ospite bb-tempe$ta
0%
2 Elementi Becchidna
0%
2 Elementi Becco
0%
2 Elementi Belanik
0%
5 Elementi BeMebEt
0%
Settembre Betoven
0%
3 Elementi Beutta
0%
4 Elementi Bilbero
0%
3 Elementi Bilzo-Balzo
0%
4 Elementi Bisonoronte
0%
Scatola Goblinese Bitorzorospo
0%
Aprile Bocciotto
0%
Aria Boglo
0%
2 Elementi Bricconervo
0%
2 Elementi Budù
0%
4 Elementi BueMu
0%
2 Elementi Bulbo
0%
Scatola Goblinese Buona-Petito
0%
2 Elementi Camalione
0%
5 Elementi Candelavra
0%
3 Elementi Cantorello
0%
1 Elemento Caperionetta
0%
2 Elementi Capriche
0%
Auxiliary Carillong
0%
Auxiliary Castagnola
0%
2 Elementi Cepetto
0%
4 Elementi Cercarillon
0%
Straparlotto/Cantante ospite Charrkoll
0%
1 Elemento Cherubolla
0%
Core Chiacchierone
0%
Freddo Cianmata
0%
Gennaio Cirricorno
0%
2 Elementi Ciuffetta
0%
1 Elemento Clacula
0%
Auxiliary Clavavera
0%
3 Elementi Claviscerino
0%
Core Confestaiolo
0%
1 Elemento Coolvellone
0%
Scatola Goblinese Crepuscolosco
0%
Isola Psichica Croco Cruv'laaphtiano
0%
2 Elementi Dattil
0%
2 Elementi Déjà-Jin
0%
4 Elementi Dentesauro
0%
Scatola Goblinese Deremita
0%
4 Elementi Diadama
0%
2 Elementi Disinneshee
0%
Dolcefamiglia Dolcebasso
0%
Dolcefamiglia Dolcechitarra
0%
Dolcefamiglia Dolceritmo
0%
Dolcefamiglia Dolcerock
0%
Dolcefamiglia Dolceronzio
0%
Dolcefamiglia Dolcevoce
0%
2 Elementi Dragong
0%
Scatola Goblinese Dumdum
0%
4 Elementi Edamimi
0%
Scatola Goblinese Emurletto
0%
4 Elementi Encantaforma
0%
3 Elementi E'sercito
0%
2 Elementi Felinossuto
0%
Auxiliary Ffidillio
0%
3 Elementi Fidulampada
0%
2 Elementi Flowah
0%
Isola della Luce Flox Fosforiano
0%
1 Elemento Fluoresca
0%
3 Elementi Frondamabile
0%
Isola Fatata Fungo Fatacciatiano
0%
2 Elementi FungoMantide Religiosa
0%
2 Elementi Furfandello
0%
Febbraio Furnacchio
0%
3 Elementi Gabbifloo
0%
3 Elementi Gaddzuche
0%
3 Elementi Galinfa
0%
Luglio Galvana
0%
1 Elemento Gattalizzatore
0%
2 Elementi Gemolari
0%
Marzo Ghiaccetto
0%
Scatola Goblinese Ghiger
0%
1 Elemento G'joob
0%
2 Elementi Glowl
0%
Spettrale Glucciante
0%
Auxiliary Glu Glucca
0%
5 Elementi Gnarl
0%
3 Elementi Goffgoff
0%
4 Elementi Gonfiantore
0%
2 Elementi Hip-Hopiglietto
0%
2 Elementi Huuhuutta
0%
1 Elemento Iehehe
0%
1 Elemento Ieode
0%
3 Elementi Illoost
0%
3 Elementi Incantato
0%
3 Elementi Incorso
0%
2 Elementi iRmA gUrDi
0%
3 Elementi Jerme
0%
Core Jol
0%
3 Elementi Larvaviglia
0%
Auxiliary Librico
0%
1 Elemento Lumibestia
0%
1 Elemento Luuccichio
0%
Straparlotta Maggpi
0%
2 Elementi Massicio
0%
3 Elementi Mebechino
0%
2 Elementi Medusanaro
0%
1 Elemento Mosca del Flauto
0%
3 Elementi Muovemolla
0%
3 Elementi Mushabum
0%
2 Elementi Nebulob
0%
3 Elementi Occhiostrizzo
0%
Auxiliary Omoncolo
0%
Giugno Ostinato
0%
Scatola Goblinese Pacciamo
0%
2 Elementi Passpora
0%
4 Elementi Pentombra
0%
3 Elementi Periscorpione
0%
2 Elementi Pescenetto
0%
2 Elementi Phangler
0%
4 Elementi Piagnone
0%
Scatola Goblinese Picchietto
0%
Core Piccioncino
0%
2 Elementi Pilossa
0%
Scatola Goblinese Pixolotto
0%
2 Elementi Pizzicarinco
0%
Novembre Plasmetto
0%
4 Elementi PongPing
0%
3 Elementi Pontessa
0%
2 Elementi Pustoletta
0%
3 Elementi Ratatà
0%
1 Elemento Rimbomba
0%
4 Elementi Rismuto
0%
Scatola Goblinese Ro-bo-ra-dio
0%
1 Elemento Ronzara
0%
3 Elementi Ruba
0%
2 Elementi Ruggirick
0%
1 Elemento Sbadigliastruzzo
0%
Scatola Goblinese Scargotto
0%
4 Elementi Schifooto
0%
2 Elementi Segugio Sonico
0%
3 Elementi Sfioretta
0%
2 Elementi Sibillino
0%
Maggio Sincopite
0%
Scatola Goblinese Sintezz
0%
Agosto Sitarbeo
0%
1 Elemento Somigliufo
0%
3 Elementi Sorvaugliante
0%
3 Elementi Spiatrappola
0%
Scatola Goblinese Spifferotto
0%
3 Elementi Spilungo
0%
3 Elementi Spuntella
0%
Auxiliary Spurrit
0%
3 Elementi Squillaretto
0%
4 Elementi Starnuticchio
0%
2 Elementi Stogg
0%
Straparlotto Stoowarb
0%
1 Elemento Strombonin
0%
5 Elementi Tamburedario
0%
Scatola Goblinese Tamburlo
0%
Ottobre Tartamburo
0%
4 Elementi Tartazzo
0%
2 Elementi Testanocche
0%
1 Elemento Theremente
0%
Scatola Goblinese Timpà
0%
3 Elementi Toccapricorno
0%
Pianta Totapi
0%
4 Elementi Tring
0%
3 Elementi TuTù
0%
Core Ula
0%
4 Elementi Urletto
0%
2 Elementi Urtatori
0%
3 Elementi Uuduk
0%
Scatola Goblinese Vermiscido
0%
4 Elementi Vhenzione
0%
4 Elementi Viscidocchio
0%
2 Elementi Volx
0%
3 Elementi Whaddle
0%
Scatola Goblinese Wuajje
0%
2 Elementi Yogiocoliere
0%
3 Elementi Yooreek
0%
5 Elementi Zannaski
0%
3 Elementi Ziggurab
0%
Core Zuccaletro
0%
Nessun quiz corrispondente trovato
Distribuzione punteggi
Percentuale di utenti per punteggio
Percentile per numero di risposta
I tuoi punteggi nel tempo
Non hai fatto questo quiz